[Event "HUN-chT 2122"]
[Site "Hungary"]
[Date "2021.10.31"]
[Round "2.1"]
[White "Mihok, Oliver"]
[Black "Almasi, Zoltan"]
[Result "1/2-1/2"]
[WhiteElo "2537"]
[BlackElo "2687"]
[PlyCount "70"]
[EventDate "2021.10.10"]
[EventType "team-tourn"]
[EventRounds "9"]
[EventCountry "HUN"]
[SourceTitle "EXT 2023"]
[Source "ChessBase"]
[SourceDate "2022.10.05"]
[SourceVersion "1"]
[SourceVersionDate "2022.10.05"]
[SourceQuality "1"]
[WhiteTeam "Mako Duocor"]
[BlackTeam "Ajka Sentimento"]
[WhiteTeamCountry "HUN"]
[BlackTeamCountry "HUN"]

1. e4 d6 2. d4 g6 3. Nf3 Nf6 4. Nc3 Bg7 5. Be2 0-0 6. 0-0 Nc6 7. d5 Nb8 8. Re1 Bg4 9. h3 Bxf3 10. Bxf3 Nbd7 11. Bg5 c6 12. Qd2 Rc8 13. Rad1 Re8 14. Bf4 Qb6 15. dxc6 bxc6 16. b3 Ne5 17. Bxe5 dxe5 18. Na4 Qc7 19. Qe3 Red8 20. c3 e6 21. Rxd8+ Rxd8 22. Rd1 Rxd1+ 23. Bxd1 Qd6 24. Bf3 Qa3 25. Qd2 Bf8 26. Qb2 Qd6 27. Qc2 Nd7 28. Qd1 Qc7 29. b4 a5 30. a3 Qa7 31. g3 axb4 32. axb4 h5 33. h4 Be7 34. Kg2 Kf8 35. Qb3 Nb6 1/2-1/2

[Event "HUN-ch Rapid"]
[Site "Ajka"]
[Date "2021.07.18"]
[Round "10"]
[White "Czebe, Attila"]
[Black "Almasi, Zoltan"]
[Result "1/2-1/2"]
[WhiteElo "2379"]
[BlackElo "2687"]
[PlyCount "86"]
[EventDate "2021.07.16"]
[EventType "swiss (rapid)"]
[EventRounds "13"]
[EventCountry "HUN"]
[SourceTitle "CBM 203 Extra"]
[Source "ChessBase"]
[SourceDate "2021.09.30"]
[SourceVersion "1"]
[SourceVersionDate "2021.09.30"]
[SourceQuality "1"]

1. Nf3 c5 2. e3 g6 3. c4 Bg7 4. Nc3 Nf6 5. d4 cxd4 6. Nxd4 b6 7. Be2 Bb7 8. 0-0 Nc6 9. Nxc6 dxc6 10. Qc2 0-0 11. b3 c5 12. Bb2 Qc7 13. Nb5 Qb8 14. Rad1 Be4 15. Qc1 Qb7 16. f3 Bc6 17. Nc3 Bh6 18. Rd3 Rad8 19. Rfd1 Qb8 20. Qc2 Rxd3 21. Rxd3 Rd8 22. Nd1 Ne8 23. Nf2 f6 24. Ng4 Bg7 25. e4 h5 26. Ne3 e6 27. Rxd8 Qxd8 28. Qd3 Qc7 29. g3 Kf7 30. Kf2 Bh6 31. Bf1 Qd7 32. Qxd7+ Bxd7 33. Bg2 Nc7 34. f4 Bc6 35. Bf3 Bd7 36. Ke2 Na6 37. Nc2 Nb8 38. Bc1 Nc6 39. Be3 e5 40. f5 Bxe3 41. fxg6+ Kxg6 42. Nxe3 Nd4+ 43. Kf2 Be6 1/2-1/2

[Event "HUN-ch Rapid"]
[Site "Ajka"]
[Date "2021.07.17"]
[Round "7"]
[White "Korpa, Bence"]
[Black "Almasi, Zoltan"]
[Result "1-0"]
[WhiteElo "2536"]
[BlackElo "2687"]
[PlyCount "49"]
[EventDate "2021.07.16"]
[EventType "swiss (rapid)"]
[EventRounds "13"]
[EventCountry "HUN"]
[SourceTitle "CBM 203 Extra"]
[Source "ChessBase"]
[SourceDate "2021.09.30"]
[SourceVersion "1"]
[SourceVersionDate "2021.09.30"]
[SourceQuality "1"]

1. d4 Nf6 2. Nf3 e6 3. Bf4 b6 4. e3 Be7 5. h3 c5 6. Bd3 0-0 7. Nc3 cxd4 8. exd4 Bb7 9. Qe2 Nc6 10. a3 Re8 11. 0-0 Bf8 12. Rfe1 a6 13. Rad1 Ne7 14. Ng5 Ng6 15. Bg3 d5 16. h4 Bd6 17. Bxg6 hxg6 18. Be5 Nh5 19. Qg4 Bf8 20. Rd3 Bc8 21. Nxf7 Kxf7 22. Rf3+ Nf6 23. h5 Ke7 24. Qxg6 Kd7 25. h6 1-0

[Event "HUN-ch Rapid"]
[Site "Ajka"]
[Date "2021.07.16"]
[Round "4"]
[White "Berczes, David"]
[Black "Almasi, Zoltan"]
[Result "1/2-1/2"]
[WhiteElo "2452"]
[BlackElo "2687"]
[PlyCount "96"]
[EventDate "2021.07.16"]
[EventType "swiss (rapid)"]
[EventRounds "13"]
[EventCountry "HUN"]
[SourceTitle "CBM 203 Extra"]
[Source "ChessBase"]
[SourceDate "2021.09.30"]
[SourceVersion "1"]
[SourceVersionDate "2021.09.30"]
[SourceQuality "1"]

1. Nf3 Nf6 2. c4 b6 3. g3 c5 4. Bg2 Bb7 5. 0-0 g6 6. b3 Bg7 7. Bb2 0-0 8. d4 cxd4 9. Qxd4 d6 10. Nc3 Nbd7 11. Rfd1 Rc8 12. Rac1 Rc5 13. Ne1 Bxg2 14. Nxg2 a6 15. Ne3 Nd5 16. Qd2 Nxe3 17. Qxe3 b5 18. cxb5 axb5 19. Ba3 Re5 20. Qd3 Qa8 21. Bb4 Nf6 22. Qf3 Qa7 23. e4 h5 24. a3 Qb7 25. Nd5 Nxd5 26. exd5 Rc8 27. Rxc8+ Qxc8 28. h4 Qc2 29. Qd3 Re2 30. Qxc2 Rxc2 31. Rd3 Kf8 32. Kg2 Ke8 33. Rd2 Rc1 34. Rd3 Kd7 35. Rf3 f5 36. Rd3 Be5 37. Kf3 Bb2 38. a4 bxa4 39. bxa4 Rc4 40. Rb3 Bd4 41. a5 Rc2 42. Be1 Ra2 43. Rb4 Bc5 44. Rb8 Ra3+ 45. Ke2 Ra2+ 46. Kf3 Ra3+ 47. Ke2 Ra2+ 48. Kf3 Ra3+ 1/2-1/2

[Event "HUN-ch Rapid"]
[Site "Ajka"]
[Date "2021.07.16"]
[Round "2"]
[White "Nemeth, Zoltan"]
[Black "Almasi, Zoltan"]
[Result "0-1"]
[WhiteElo "2223"]
[BlackElo "2687"]
[PlyCount "114"]
[EventDate "2021.07.16"]
[EventType "swiss (rapid)"]
[EventRounds "13"]
[EventCountry "HUN"]
[SourceTitle "CBM 203 Extra"]
[Source "ChessBase"]
[SourceDate "2021.09.30"]
[SourceVersion "1"]
[SourceVersionDate "2021.09.30"]
[SourceQuality "1"]

1. c4 c5 2. Nc3 Nc6 3. e4 g6 4. g3 Bg7 5. Bg2 d6 6. d3 e6 7. Nge2 Nge7 8. h4 h6 9. Rb1 Qd7 10. a3 b6 11. b4 Bb7 12. Be3 Ne5 13. Nf4 0-0 14. Nce2 Rad8 15. 0-0 N7c6 16. Qc2 Ng4 17. Bd2 Rc8 18. Qa4 Qc7 19. Bc3 Nge5 20. Rfd1 Rfe8 21. Rbc1 Ba8 22. Qb3 Qe7 23. Ba1 Rc7 24. Nh3 Qf8 25. f3 Rb8 26. Nf2 Ne7 27. b5 Rd8 28. a4 d5 29. f4 Nd7 30. Bxg7 Qxg7 31. a5 Nf6 32. Qc3 Rcd7 33. Kh2 h5 34. e5 Ng4+ 35. Nxg4 hxg4 36. Qe1 Nf5 37. Nc3 Qh6 38. axb6 axb6 39. Ra1 Qf8 40. cxd5 exd5 41. Rxa8 Rxa8 42. Nxd5 Rxd5 43. Bxd5 Ra3 44. e6 fxe6 45. Qxe6+ Kg7 46. Re1 Rxd3 47. Bg2 Qf6 48. Qc8 Rxg3 49. Qb7+ Kh6 50. Re8 Qxh4+ 51. Kg1 Qf6 52. Qa8 Qd4+ 53. Kh2 Rxg2+ 54. Qxg2 Qxf4+ 55. Kg1 Kg5 56. Qf2 Qc1+ 57. Kh2 g3+ 0-1

[Event "HUN-ch rapid"]
[Site "Ajka"]
[Date "2020.07.17"]
[Round "2"]
[White "Almasi, Zoltan"]
[Black "Balint, Vilmos"]
[Result "1-0"]
[WhiteElo "2687"]
[BlackElo "2143"]
[PlyCount "99"]
[EventDate "2020.07.17"]
[EventType "swiss (rapid)"]
[EventRounds "13"]
[EventCountry "HUN"]
[SourceTitle "CBM 197 Extra"]
[Source "ChessBase"]
[SourceDate "2020.09.30"]
[SourceVersion "1"]
[SourceVersionDate "2020.09.30"]
[SourceQuality "1"]

1. Nf3 Nf6 2. c4 c5 3. Nc3 g6 4. g3 Bg7 5. Bg2 0-0 6. 0-0 Nc6 7. d4 cxd4 8. Nxd4 Rb8 9. Bf4 Ra8 10. Rc1 Nxd4 11. Qxd4 d6 12. Qd2 Be6 13. b3 Qd7 14. Rfd1 Rfd8 15. Qe3 Nh5 16. Bg5 f6 17. Bh6 Bxh6 18. Qxh6 Rac8 19. Qe3 b6 20. Nb5 Ng7 21. a4 Rc5 22. Ra1 Nf5 23. Qe4 a6 24. Nc3 Bf7 25. Qd3 Kg7 26. Ne4 Rc7 27. a5 Rb8 28. axb6 Rxb6 29. Ra5 Qc8 30. Rda1 Be6 31. Nd2 Rc5 32. R5a3 h5 33. h4 Nh6 34. Ne4 Bf5 35. Qd4 Bxe4 36. Qxe4 Re5 37. Qd4 Qb8 38. Qd3 Ng4 39. Bd5 e6 40. Bf3 f5 41. Rxa6 Rxb3 42. Ra7+ Kf6 43. Qd2 f4 44. Bxg4 hxg4 45. Qxf4+ Rf5 46. Qd4+ e5 47. Qd5 Rb1+ 48. Kg2 Rxf2+ 49. Kxf2 Qb6+ 50. c5 1-0

[Event "Bundesliga 1920"]
[Site "Germany"]
[Date "2020.02.23"]
[Round "8.1"]
[White "Malakhov, Vladimir"]
[Black "Almasi, Zoltan"]
[Result "1-0"]
[WhiteElo "2665"]
[BlackElo "2687"]
[PlyCount "171"]
[EventDate "2019.11.23"]
[EventType "team-tourn"]
[EventRounds "15"]
[EventCountry "GER"]
[SourceTitle "CBM 195 Extra"]
[Source "ChessBase"]
[SourceDate "2020.05.31"]
[SourceVersion "1"]
[SourceVersionDate "2020.05.31"]
[SourceQuality "1"]
[WhiteTeam "Viernheim"]
[BlackTeam "Dresden TU"]
[WhiteTeamCountry "GER"]
[BlackTeamCountry "GER"]

1. Nf3 Nf6 2. c4 b6 3. g3 c5 4. Bg2 Bb7 5. 0-0 g6 6. Nc3 Bg7 7. d4 cxd4 8. Qxd4 d6 9. Be3 Nbd7 10. Rac1 Rc8 11. b3 0-0 12. Qh4 a6 13. Rfd1 Rc7 14. g4 Rc8 15. g5 Ne8 16. Bd4 Bxd4 17. Qxd4 Ng7 18. Bh3 Rc5 19. Ne4 Nf5 20. Bxf5 Rxf5 21. Ng3 Ra5 22. b4 Rxa2 23. Qe3 Ra4 24. c5 bxc5 25. bxc5 dxc5 26. Rxc5 e6 27. Qc3 Bd5 28. Rc7 Ra3 29. Qxa3 Qxc7 30. e4 Bc6 31. Qxa6 Bb7 32. Qb5 Bc6 33. Qc4 Rc8 34. Qd4 Qf4 35. Kg2 e5 36. Qd6 Ba4 37. Rd3 Re8 38. Ra3 Re6 39. Qb4 Bd1 40. Ng1 Re8 41. Rd3 Bg4 42. Qa4 Qxg5 43. Rxd7 Bxd7 44. Qxd7 Qe7 45. Qb5 Rc8 46. Nf3 Rc5 47. Qb6 Rc8 48. Nf1 Qc5 49. Qb1 f6 50. Ne3 Kg7 51. Nd5 Rf8 52. Qb3 Rf7 53. h3 Ra7 54. Nd2 Qd4 55. Qc2 f5 56. Nf3 Qxe4 57. Qc6 Rf7 58. Qd6 h6 59. Nc7 Kh7 60. Ne8 Qb7 61. Nf6+ Rxf6 62. Qxf6 e4 63. Ne5 e3+ 64. Kh2 Qg7 65. Qxg7+ Kxg7 66. fxe3 Kf6 67. Nf3 g5 68. Kg3 Kg6 69. Nd2 Kf6 70. Kf3 Ke5 71. Kg3 Kd5 72. h4 Ke5 73. h5 Kd5 74. Nf3 Ke6 75. Ng1 Ke5 76. Nh3 Ke4 77. Nxg5+ Kxe3 78. Nf3 Ke4 79. Nh4 Ke5 80. Kf3 f4 81. Kg4 Ke4 82. Nf5 f3 83. Nxh6 f2 84. Nf5 f1N 85. h6 Nh2+ 86. Kh5 1-0

[Event "HUN-ch 68th"]
[Site "Budapest"]
[Date "2019.12.17"]
[Round "3.2"]
[White "Almasi, Zoltan"]
[Black "Erdos, Viktor"]
[Result "1/2-1/2"]
[WhiteElo "2691"]
[BlackElo "2609"]
[PlyCount "97"]
[EventDate "2019.12.10"]
[EventType "k.o."]
[EventRounds "4"]
[EventCountry "HUN"]
[SourceTitle "CBM 193 Extra"]
[Source "ChessBase"]
[SourceDate "2020.01.31"]
[SourceVersion "1"]
[SourceVersionDate "2020.01.31"]
[SourceQuality "1"]

1. Nf3 Nf6 2. c4 e6 3. g3 d5 4. Bg2 dxc4 5. Qa4+ c6 6. Qxc4 b5 7. Qc2 Bb7 8. 0-0 Nbd7 9. d3 Rc8 10. Nc3 Be7 11. a4 b4 12. Nb1 c5 13. Nbd2 0-0 14. Rd1 h6 15. h3 Nb8 16. Nc4 Nc6 17. a5 Ba6 18. Nce5 Bb5 19. Nxc6 Rxc6 20. Ne5 Rc8 21. a6 Nd5 22. e4 Nc7 23. Ra5 Qd6 24. Bf4 Qb6 25. Rda1 Rfd8 26. Nc4 Qc6 27. Ne5 Qb6 28. Nc4 Qc6 29. Qe2 Qd7 30. Bf1 Bf8 31. Qg4 Bxc4 32. dxc4 Qd4 33. Qe2 e5 34. Be3 Qd6 35. Bxc5 Qxc5 36. Rxc5 Bxc5 37. Rd1 Bd4 38. c5 Ne6 39. Kg2 Rxc5 40. Rd2 b3 41. Qd1 Rb8 42. Be2 Rc2 43. Rxc2 bxc2 44. Qxc2 Rxb2 45. Qc8+ Kh7 46. Kf1 Rb1+ 47. Kg2 Rb2 48. Kf1 Rb1+ 49. Kg2 1/2-1/2

[Event "HUN-ch 68th"]
[Site "Budapest"]
[Date "2019.12.12"]
[Round "2.1"]
[White "Balog, Imre1"]
[Black "Almasi, Zoltan"]
[Result "0-1"]
[WhiteElo "2558"]
[BlackElo "2691"]
[PlyCount "88"]
[EventDate "2019.12.10"]
[EventType "k.o."]
[EventRounds "4"]
[EventCountry "HUN"]
[SourceTitle "CBM 193 Extra"]
[Source "ChessBase"]
[SourceDate "2020.01.31"]
[SourceVersion "1"]
[SourceVersionDate "2020.01.31"]
[SourceQuality "1"]

1. d4 Nf6 2. Nf3 g6 3. Nc3 d5 4. Bf4 Bg7 5. e3 0-0 6. Be2 c6 7. h3 Bf5 8. 0-0 Nbd7 9. g4 Be6 10. Ng5 c5 11. Nxe6 fxe6 12. g5 Ne8 13. Bg4 Qb6 14. Na4 Qc6 15. Nxc5 Nxc5 16. dxc5 Bxb2 17. Rb1 Bg7 18. c4 dxc4 19. Bf3 Qxc5 20. Bxb7 Nd6 21. Bxa8 Rxa8 22. Qg4 Nf5 23. Rb8+ Rxb8 24. Bxb8 c3 25. Qa4 c2 26. Rc1 Nd4 27. Kh2 Qxg5 28. Bg3 Nf3+ 29. Kh1 Qf5 30. Qg4 Qd5 31. Rxc2 Qd1+ 32. Kg2 Ne1+ 33. Kf1 Qxc2 34. Qxe6+ Kf8 35. Kxe1 Qd3 36. f4 Bf6 37. Kf2 h5 38. Qb3 Qe4 39. Qd1 Qe6 40. Qb1 h4 41. Bh2 Qxh3 42. Qg1 Qe6 43. Qxg6 Qxa2+ 44. Kg1 Qg8 0-1

[Event "HUN-ch rapid"]
[Site "Ajka"]
[Date "2019.07.21"]
[Round "12"]
[White "Almasi, Zoltan"]
[Black "Aczel, Gergely"]
[Result "1/2-1/2"]
[WhiteElo "2687"]
[BlackElo "2540"]
[PlyCount "28"]
[EventDate "2019.07.19"]
[EventType "swiss (rapid)"]
[EventRounds "13"]
[EventCountry "HUN"]
[SourceTitle "CBM 191 Extra"]
[Source "ChessBase"]
[SourceDate "2019.09.30"]
[SourceVersion "1"]
[SourceVersionDate "2019.09.30"]
[SourceQuality "1"]

1. c4 e6 2. g3 d5 3. Bg2 Nf6 4. Nf3 dxc4 5. Qa4+ Bd7 6. Qxc4 c5 7. Ne5 Qc8 8. Nxd7 Qxd7 9. b3 Nc6 10. Bb2 Be7 11. 0-0 0-0 12. Qc2 Nd4 13. Qd1 Rfd8 14. d3 Rac8 1/2-1/2

[Event "HUN-ch rapid"]
[Site "Ajka"]
[Date "2019.07.21"]
[Round "11"]
[White "Czebe, Attila"]
[Black "Almasi, Zoltan"]
[Result "1/2-1/2"]
[WhiteElo "2436"]
[BlackElo "2687"]
[PlyCount "54"]
[EventDate "2019.07.19"]
[EventType "swiss (rapid)"]
[EventRounds "13"]
[EventCountry "HUN"]
[SourceTitle "CBM 191 Extra"]
[Source "ChessBase"]
[SourceDate "2019.09.30"]
[SourceVersion "1"]
[SourceVersionDate "2019.09.30"]
[SourceQuality "1"]

1. Nf3 Nf6 2. g3 d5 3. Bg2 c6 4. 0-0 Bg4 5. h3 Bh5 6. d3 e6 7. Qe1 Be7 8. e4 0-0 9. Nc3 Re8 10. Nh2 dxe4 11. dxe4 e5 12. Nf3 Nfd7 13. Be3 Na6 14. Nd2 Bc5 15. Nb3 Bxe3 16. Qxe3 Qb6 17. Qxb6 axb6 18. f3 Nf8 19. Rfd1 Red8 20. Kf2 f6 21. Bf1 Nb4 22. Bc4+ Bf7 23. Bxf7+ Kxf7 24. Rxd8 Rxd8 25. Rc1 Ne6 26. a3 Na6 27. Rd1 Rxd1 1/2-1/2

[Event "HUN-ch rapid"]
[Site "Ajka"]
[Date "2019.07.20"]
[Round "6"]
[White "Almasi, Zoltan"]
[Black "Papp, Gabor"]
[Result "1-0"]
[WhiteElo "2687"]
[BlackElo "2587"]
[PlyCount "63"]
[EventDate "2019.07.19"]
[EventType "swiss (rapid)"]
[EventRounds "13"]
[EventCountry "HUN"]
[SourceTitle "CBM 191 Extra"]
[Source "ChessBase"]
[SourceDate "2019.09.30"]
[SourceVersion "1"]
[SourceVersionDate "2019.09.30"]
[SourceQuality "1"]

1. Nf3 Nf6 2. c4 e6 3. g3 d5 4. Bg2 Be7 5. 0-0 0-0 6. d4 dxc4 7. Qc2 a6 8. Qxc4 b5 9. Qc2 Bb7 10. Bg5 Be4 11. Qc1 c6 12. Nbd2 Bxf3 13. Nxf3 h6 14. Bd2 Qb6 15. Qc2 Nbd7 16. b4 Rfc8 17. Rfc1 Nd5 18. a3 Qa7 19. e4 N5b6 20. Bf1 Bd8 21. Ra2 Qb7 22. Qb3 Na4 23. Rac2 a5 24. d5 exd5 25. exd5 c5 26. bxc5 Ndxc5 27. Qxb5 Qxd5 28. Bg2 Be7 29. Ne1 Rab8 30. Qxb8 Qxg2+ 31. Kxg2 Rxb8 32. Bxa5 1-0

[Event "HUN-ch rapid"]
[Site "Ajka"]
[Date "2019.07.20"]
[Round "9"]
[White "Balog, Imre1"]
[Black "Almasi, Zoltan"]
[Result "1/2-1/2"]
[WhiteElo "2566"]
[BlackElo "2687"]
[PlyCount "109"]
[EventDate "2019.07.19"]
[EventType "swiss (rapid)"]
[EventRounds "13"]
[EventCountry "HUN"]
[SourceTitle "CBM 191 Extra"]
[Source "ChessBase"]
[SourceDate "2019.09.30"]
[SourceVersion "1"]
[SourceVersionDate "2019.09.30"]
[SourceQuality "1"]

1. d4 Nf6 2. Bg5 d5 3. Nf3 c6 4. e3 Bg4 5. Be2 Nbd7 6. 0-0 e6 7. c4 Be7 8. Nc3 0-0 9. Qb3 Qb6 10. h3 Bh5 11. c5 Qxb3 12. axb3 Bxf3 13. Bxf3 e5 14. b4 a6 15. Rfd1 Rfe8 16. Kf1 exd4 17. exd4 Nf8 18. Be3 Ne6 19. Ne2 Rac8 20. Nc1 Bd8 21. Nb3 Bc7 22. g3 g6 23. Rd2 Ng7 24. Re2 Nf5 25. Rae1 Nxe3+ 26. Rxe3 Kf8 27. Bg4 Rcd8 28. Nd2 h5 29. Rxe8+ Nxe8 30. Bd1 Ng7 31. Bc2 a5 32. Ra1 axb4 33. Ra4 Rb8 34. Nb3 Ne6 35. Ke2 b6 36. cxb6 Rxb6 37. Kd3 Bd6 38. Bd1 c5 39. Ra8+ Kg7 40. dxc5 Nxc5+ 41. Ke2 Ne4 42. Bc2 Be5 43. Bxe4 dxe4 44. Ra2 Rc6 45. Ke3 f5 46. Ra4 Rb6 47. Nd2 Rb7 48. Nc4 Bf6 49. g4 Bg5+ 50. Ke2 hxg4 51. hxg4 Bf4 52. gxf5 gxf5 53. Ne3 Kg6 54. Nd5 Be5 55. Rxb4 1/2-1/2

[Event "HUN-ch rapid"]
[Site "Ajka"]
[Date "2019.07.20"]
[Round "7"]
[White "Banusz, Tamas"]
[Black "Almasi, Zoltan"]
[Result "1/2-1/2"]
[WhiteElo "2626"]
[BlackElo "2687"]
[PlyCount "44"]
[EventDate "2019.07.19"]
[EventType "swiss (rapid)"]
[EventRounds "13"]
[EventCountry "HUN"]
[SourceTitle "CBM 191 Extra"]
[Source "ChessBase"]
[SourceDate "2019.09.30"]
[SourceVersion "1"]
[SourceVersionDate "2019.09.30"]
[SourceQuality "1"]

1. d4 Nf6 2. Nf3 g6 3. g3 Bg7 4. Bg2 0-0 5. c4 d6 6. Nc3 c6 7. 0-0 Bf5 8. Ng5 e5 9. d5 c5 10. e4 Bc8 11. f3 Na6 12. Nh3 Bd7 13. Nf2 Rb8 14. Be3 b5 15. cxb5 Bxb5 16. Nxb5 Rxb5 17. b3 Rb7 18. Nd3 Nc7 19. Nb2 Nb5 20. Nc4 Nd4 21. Qd2 Qd7 22. Rae1 Re8 1/2-1/2

[Event "HUN-ch rapid"]
[Site "Ajka"]
[Date "2019.07.20"]
[Round "5"]
[White "Marosi, Levente"]
[Black "Almasi, Zoltan"]
[Result "0-1"]
[WhiteElo "2225"]
[BlackElo "2687"]
[PlyCount "112"]
[EventDate "2019.07.19"]
[EventType "swiss (rapid)"]
[EventRounds "13"]
[EventCountry "HUN"]
[SourceTitle "CBM 191 Extra"]
[Source "ChessBase"]
[SourceDate "2019.09.30"]
[SourceVersion "1"]
[SourceVersionDate "2019.09.30"]
[SourceQuality "1"]

1. e4 d6 2. d4 g6 3. Nc3 Bg7 4. Be3 a6 5. Qd2 b5 6. f3 Nd7 7. g4 Nb6 8. h4 h5 9. g5 e6 10. Bd3 Ne7 11. Nge2 b4 12. Nd1 a5 13. a3 bxa3 14. Rxa3 a4 15. Ndc3 0-0 16. 0-0 Bd7 17. Ng3 Qc8 18. b3 axb3 19. Rxb3 Nc6 20. Nce2 Na5 21. Rb4 d5 22. Bf2 Nbc4 23. Qc1 Re8 24. f4 Nd6 25. e5 Nf5 26. Nxf5 exf5 27. Qd2 Bf8 28. Rbb1 Be6 29. Nc3 Rd8 30. Qe2 Qd7 31. Ra1 Nc4 32. Rfb1 Qc6 33. Nd1 Rxa1 34. Rxa1 Rb8 35. Ne3 Nb2 36. Rb1 Rb6 37. Be1 Qa4 38. c3 Nxd3 39. Qxd3 Rxb1 40. Qxb1 c5 41. Qc2 Qa1 42. Qd1 Qa2 43. Qc2 Qa3 44. Bd2 cxd4 45. cxd4 Qa1+ 46. Kf2 Qxd4 47. Kg3 Qa1 48. Qc1 Qa7 49. Qc2 d4 50. Ng2 Qa3+ 51. Kh2 Qf3 52. Be1 d3 53. Qf2 Qxf2 54. Bxf2 d2 55. Ne3 Bb3 56. Kg2 Bc5 0-1

[Event "HUN-chT 1819"]
[Site "Hungary"]
[Date "2019.04.28"]
[Round "9.3"]
[White "Hera, Imre Jr"]
[Black "Almasi, Zoltan"]
[Result "1/2-1/2"]
[WhiteElo "2598"]
[BlackElo "2682"]
[PlyCount "60"]
[EventDate "2018.11.17"]
[EventType "team-tourn"]
[EventRounds "9"]
[EventCountry "HUN"]
[SourceTitle "CBM 190 Extra"]
[Source "ChessBase"]
[SourceDate "2019.07.15"]
[SourceVersion "1"]
[SourceVersionDate "2019.07.15"]
[SourceQuality "1"]
[WhiteTeam "HVSE Infraplan"]
[BlackTeam "DVTK"]
[WhiteTeamCountry "HUN"]
[BlackTeamCountry "HUN"]

1. e4 c5 2. Nf3 Nc6 3. Bb5 g6 4. Bxc6 dxc6 5. d3 Bg7 6. h3 e5 7. Nc3 Ne7 8. Be3 b6 9. Qd2 h6 10. 0-0-0 Be6 11. Nh2 Qc8 12. Ng4 h5 13. Nh2 Qa6 14. a3 0-0-0 15. Nf3 f6 16. Qe2 h4 17. Nh2 g5 18. Ng4 Ng6 19. Kb1 Kb8 20. Qf3 Rhf8 21. Bc1 Rf7 22. Ne3 Bf8 23. g3 b5 24. b3 Qc8 25. Nf5 Rb7 26. Bb2 a5 27. Ne3 Be7 28. Nf5 Bf8 29. Ne3 Be7 30. Nf5 Bf8 1/2-1/2

[Event "Bundesliga 1819"]
[Site "Germany"]
[Date "2019.03.10"]
[Round "13.1"]
[White "Karpov, Anatoly"]
[Black "Almasi, Zoltan"]
[Result "0-1"]
[WhiteElo "2623"]
[BlackElo "2682"]
[PlyCount "98"]
[EventDate "2018.11.10"]
[EventType "team-tourn"]
[EventRounds "15"]
[EventCountry "GER"]
[SourceTitle "CBM 189 Extra"]
[Source "ChessBase"]
[SourceDate "2019.05.31"]
[SourceVersion "1"]
[SourceVersionDate "2019.05.31"]
[SourceQuality "1"]
[WhiteTeam "Hockenheim"]
[BlackTeam "Dresden TU"]
[WhiteTeamCountry "GER"]
[BlackTeamCountry "GER"]

1. d4 Nf6 2. c4 g6 3. g3 Bg7 4. Bg2 0-0 5. Nc3 d6 6. Nf3 c6 7. 0-0 Bf5 8. Ne1 Qc8 9. e4 Bh3 10. f3 Bxg2 11. Kxg2 Nbd7 12. Be3 b5 13. cxb5 cxb5 14. Rc1 Qb7 15. Rf2 Nb6 16. b3 b4 17. Nb1 Nfd7 18. Rfc2 f5 19. Qd3 fxe4 20. fxe4 d5 21. Rc7 dxe4 22. Rxb7 exd3 23. Nxd3 Nd5 24. Bf2 N7f6 25. h3 Ne4 26. Bg1 a5 27. Nc5 Rfc8 28. Rd7 Nef6 29. Rb7 Ne4 30. Rd7 Nd6 31. Nd2 Bf8 32. Nc4 Nf6 33. Nb6 Nxd7 34. Nbxd7 Ra7 35. Nxf8 Rxf8 36. g4 Rc8 37. Be3 Nb5 38. Rc4 Nd6 39. Rc1 Nb5 40. Rc4 Rac7 41. Kf3 Rf8+ 42. Kg2 Nc3 43. a4 Rc6 44. g5 Nd5 45. Bd2 e5 46. Ne4 Rxc4 47. bxc4 Nf4+ 48. Kf3 b3 49. Bxa5 Ne6+ 0-1

[Event "HUN-chT 1819"]
[Site "Hungary"]
[Date "2019.01.27"]
[Round "4.1"]
[White "Almasi, Zoltan"]
[Black "Harikrishna, Pentala"]
[Result "1/2-1/2"]
[WhiteElo "2682"]
[BlackElo "2729"]
[PlyCount "115"]
[EventDate "2018.11.17"]
[EventType "team-tourn"]
[EventRounds "9"]
[EventCountry "HUN"]
[SourceTitle "CBM 188 Extra"]
[Source "ChessBase"]
[SourceDate "2019.02.28"]
[SourceVersion "1"]
[SourceVersionDate "2019.02.28"]
[SourceQuality "1"]
[WhiteTeam "DVTK"]
[BlackTeam "Paks"]
[WhiteTeamCountry "HUN"]
[BlackTeamCountry "HUN"]

1. Nf3 d5 2. g3 g6 3. c4 dxc4 4. Na3 Bg7 5. Nxc4 Nc6 6. d3 e5 7. Bd2 Nf6 8. Bc3 Nd5 9. Bxe5 Nxe5 10. Ncxe5 0-0 11. Bg2 Qe7 12. d4 c5 13. 0-0 cxd4 14. Nd3 Be6 15. a3 Rad8 16. Qa4 a6 17. Rac1 Rfe8 18. Rc2 Nb6 19. Qb4 Qxb4 20. axb4 Bb3 21. Rc7 Rxe2 22. Rfc1 Rb8 23. Re1 Rc2 24. Ree7 Rxc7 25. Rxc7 Bd5 26. Nd2 Bxg2 27. Kxg2 Bf8 28. Nb3 Nd5 29. Rc4 Bg7 30. Kf3 h5 31. h3 Re8 32. b5 Re6 33. Rc8+ Kh7 34. Rd8 Ne7 35. Rd7 Rf6+ 36. Kg2 Nf5 37. Nbc5 Nd6 38. b6 Nc4 39. Rxb7 Rxb6 40. Rxb6 Nxb6 41. Nxa6 g5 42. Nac5 Kg6 43. g4 f5 44. gxh5+ Kxh5 45. b4 Kg6 46. b5 Kf7 47. f4 gxf4 48. Kf3 Ke7 49. Kxf4 Kf6 50. Kf3 Bh6 51. Nf4 Ke5 52. Ncd3+ Kd6 53. h4 Nc4 54. Ne2 Kd5 55. Ndf4+ Kd6 56. Nd3 Kd5 57. Nef4+ Kd6 58. h5 1/2-1/2

[Event "Bundesliga 1819"]
[Site "Germany"]
[Date "2018.12.16"]
[Round "6.1"]
[White "Almasi, Zoltan"]
[Black "Navara, David"]
[Result "1/2-1/2"]
[WhiteElo "2682"]
[BlackElo "2733"]
[PlyCount "76"]
[EventDate "2018.11.10"]
[EventType "team-tourn"]
[EventRounds "15"]
[EventCountry "GER"]
[SourceTitle "CBM 187 Extra"]
[Source "ChessBase"]
[SourceDate "2018.11.04"]
[SourceVersion "1"]
[SourceVersionDate "2018.11.04"]
[SourceQuality "1"]
[WhiteTeam "Dresden TU"]
[BlackTeam "Muelheim Nord"]
[WhiteTeamCountry "GER"]
[BlackTeamCountry "GER"]

1. Nf3 Nf6 2. c4 e6 3. g3 d5 4. Bg2 Be7 5. 0-0 0-0 6. b3 d4 7. e3 c5 8. exd4 cxd4 9. Re1 Nc6 10. Bb2 Re8 11. d3 Bc5 12. Ne5 Nxe5 13. Rxe5 Qd6 14. Qe1 a5 15. Nd2 Ra7 16. a3 b6 17. h3 Bb7 18. Nf3 Ba8 19. Bc1 Rae7 20. Bg5 Bxa3 21. Bxf6 gxf6 22. Rh5 Rc7 23. Nh2 Bxg2 24. Kxg2 Qc6+ 25. Kg1 Bf8 26. g4 Bd6 27. Qd2 Bxh2+ 28. Kxh2 Qd6+ 29. Kh1 Rc5 30. Qh6 Qc6+ 31. Kh2 Qf3 32. Rg1 Qxf2+ 33. Rg2 Qe3 34. g5 Qf4+ 35. Kh1 Qf1+ 36. Kh2 Qf4+ 37. Kh1 Qf1+ 38. Kh2 Qf4+ 1/2-1/2

[Event "HUN-ch 67th"]
[Site "Budapest"]
[Date "2018.12.06"]
[Round "2.4"]
[White "Almasi, Zoltan"]
[Black "Aczel, Gergely"]
[Result "0-1"]
[WhiteElo "2689"]
[BlackElo "2549"]
[PlyCount "92"]
[EventDate "2018.12.03"]
[EventType "k.o."]
[EventRounds "4"]
[EventCountry "HUN"]
[SourceTitle "CBM 187 Extra"]
[Source "ChessBase"]
[SourceDate "2018.11.04"]
[SourceVersion "1"]
[SourceVersionDate "2018.11.04"]
[SourceQuality "1"]

1. e4 c5 2. Nf3 d6 3. d4 cxd4 4. Nxd4 Nf6 5. Nc3 a6 6. Bg5 Nbd7 7. Qe2 h6 8. Bh4 g6 9. 0-0-0 e5 10. Nb3 Be7 11. f3 b5 12. Qd2 Qc7 13. a3 Bb7 14. Kb1 Rc8 15. Bd3 Kf8 16. Rhf1 Kg7 17. Bf2 Nc5 18. Be3 Rcd8 19. Qf2 Rc8 20. h4 Na4 21. Nxa4 bxa4 22. Bb6 Qb8 23. Na5 d5 24. Ba7 Qc7 25. Bb6 Qb8 26. g4 d4 27. f4 Nxg4 28. Qg1 Ba8 29. Nc4 Rxc4 30. Bxc4 Ne3 31. fxe5 Nxc4 32. Bxd4 Nxa3+ 33. Kc1 Rf8 34. e6+ f6 35. Bc3 Bc6 36. h5 g5 37. Qg4 Nb5 38. Qf5 Qe8 39. Ba5 a3 40. e5 a2 41. Kd2 Qxh5 42. c4 Nd4 43. Qd3 Qh2+ 44. Kc3 fxe5 45. Rxf8 Bxf8 46. Rf1 Bf3 0-1